| 000 | 00721nam a2200217 a 4500 | ||
|---|---|---|---|
| 999 |
_c6484 _d6484 |
||
| 001 | 6484 | ||
| 003 | BD-JhCC | ||
| 005 | 20180403183941.0 | ||
| 008 | 180123s1981 bg |||| ||a| 000 0 ben d | ||
| 035 | _a(BD-JhCC)6484 | ||
| 040 |
_aBD-JhCC _dBD-JhCC |
||
| 041 | _aben | ||
| 082 |
_a920 _bCHO 1981 |
||
| 100 | _aচৌধুরী, সিরাজুল হক চৌধুরী | ||
| 245 |
_aজীবনের বাঁকে বাঁকে / _cসিরাজুল হক চৌধুরী (ওস্তাদ ভাই) |
||
| 260 |
_aঢাকা : _bলিয়াকত বুক ডিপো , _c১৯৮১. |
||
| 300 |
_a295 p. : _c21 cm |
||
| 650 | _aAutobiography | ||
| 942 |
_2ddc _cBK |
||